| 000 | 00515aam a2200205 4500 | ||
|---|---|---|---|
| 005 | 20161006184855.0 | ||
| 008 | 150615b xxu||||| |||| 00| 0 spa d | ||
| 041 | _aEspañol | ||
| 082 | _a972.86 H967g | ||
| 100 |
_aHurtado de Mendoza, Luis _925450 |
||
| 245 | _aGuayabo: historia antigua de Turrialba | ||
| 260 | _aCosta Rica | ||
| 260 | _bLIL | ||
| 260 | _c2004 | ||
| 300 | _a160 páginas | ||
| 650 |
_aCOSTA RICA _925451 |
||
| 650 |
_aHISTORIA ANTIGUA _925452 |
||
| 650 |
_aGUAYABO _92459 |
||
| 942 | _cBK | ||
| 999 |
_c1341 _d1341 |
||